000 00932nam a2200253 i 4500
001 19165
003 ES-MaACL
005 20250817075547.0
007 t|
008 020628s2001 sp a |||| | spa d
020 _a84-920182-7-5
080 _a76.036(460)(083.824)
111 2 _aPremio Nacional de Grabado y Arte Gráfico (
_d2001.
_cMadrid)
_9934
245 1 0 _aPremio Nacional de Grabado y Arte Gráfico 2001 /
_cconvocado por Calcografía Nacional, Real Academia de Bellas Artes de San Fernando.
260 _aMadrid :
_bPhilip Morris Spain,
_c[2001]
300 _a93 p. :
_bil. col. y n. ;
_c26 cm.
650 1 4 _aGrabado español-
_yS.XX-
_vExposiciones.
_9162661
655 7 _2tgfbne
_9193628
_aCatálogos de exposiciones
710 2 _aCalcografía Nacional (España)
_92350
710 2 _aReal Academia de Bellas Artes de San Fernando.
_96291
852 _aES-MaACL
_jL-25595
942 _2udc
999 _c19165
_d19165